=LDR 00000nam 2200000 4500 =001 INLIS000000000026752 =005 20201116114049 =035 ##$$a 0010-061300000026752 =008 201116################g##########0#ind## =041 ##$$a ind =082 ##$$a 327.11 =090 ##$$a 327.11, QUI p =100 ##$$a Quirk, Robert E =245 1#$$a Poros setan : $b Kisah empat presiden revolusioner : Fidel Castro, M. Ahmadinejad, Evo Morales, Hugo Chavez /$c Robert E. Quirk dkk; editor, Ilyya Muhsin =260 ##$$a Yogyakarta :$b Primashophie,$c 2007 =300 ##$$a 207 hlm., ; $c 21 x 14 cm. =650 #4$$a Politik Dunia =700 #$$a Muhsin, Ilyya =850 ##$$a NBPNMAT =020 ##$$a 979-25-4396-1 =084 ##$$a 327.11 QUI p =990 ##$$a 20703888 =990 ##$$a 20703886 =990 ##$$a 20703887